LEADER 01019nam0 2200265 450 001 000008114 005 20080710171437.0 100 $a20070717d1976----km-y0itay50------ba 101 0 $aita 102 $aIT 105 $ay-------001yy 200 1 $aFlora italica$e(Pteridophyta-Spermatophyta)$ea chiavi analitiche corredate da 7750 illustrazioni in 210 tavole per la determinazione delle piante spontanee indigene, naturalizzate, avventizie e delle piu largamente coltivate$fPietro Zangheri$gcon la collaborazione di Aldo J. B. Brilli-Cattarini 210 $aPadova$cCEDAM$d1976 215 $a2 v.$d25 cm 327 1 $a1 v.: Testo$a2 v.: Tavole 610 1 $aFlora$aItalia 676 $a581.9$v20 700 1$aZāngheri,$bPietro$064422 702 1$aBrilli-Cattarini,$bAldo J. B. 801 0$aIT$bUNIPARTHENOPE$c20070717$gRICA$2UNIMARC 912 $a000008114 951 $aP1 581-F/2 /I$b32404 (1)$cPIST$d2007 951 $aP1 581-F/2 /II$b32404 (2)$cPIST$d2007 996 $aFlora italica$975448 997 $aUNIPARTHENOPE LEADER 02373oam 2200613Kn 450 001 9910691694103321 005 20031213093740.0 035 $a(CKB)5470000002346438 035 $a(OCoLC)49058304 035 9 $aocm49058304 035 $a(OCoLC)995470000002346438 035 $a(OCoLC)173309065 035 $a(OCoLC)256970664 035 $a(EXLCZ)995470000002346438 100 $a20020214d2002 ua 0 101 0 $aeng 181 $ctxt$2rdacontent 182 $cc$2rdamedia 183 $acr$2rdacarrier 200 00$aAdvertisements promising debt relief may be offering bankruptcy$b[electronic resource] 210 1$a[Washington, D.C.] :$cFederal Trade Commission, Bureau of Consumer Protection, Office of Consumer and Business Education,$d[2002] 215 $a2 unnumbered pages $cdigital, PDF file 225 1 $aFTC consumer alert 300 $aTitle from title screen (viewed on Apr. 1, 2003). 330 8 $aThe U.S. Federal Trade Commission (FTC) Bureau of Consumer Protection presents the March 2000 consumer alert "Advertisements Promising Debt Relief May Be Offering Bankruptcy" in PDF format. The alert warns consumers about advertisements that promise debt relief. These advertisements may actually be talking about bankruptcy, which remains on a person's credit report for ten years and can reduce the person's ability to get credit, a job, insurance, or housing. 517 2 $aAds promising debt relief may be offering bankruptcy 606 $aDebt relief$zUnited States 606 $aBankruptcy$zUnited States 606 $aDebt relief 606 $aGovernment publications 606 $aConsumer education 606 $aAdvertising 606 $aBankruptcy 615 0$aDebt relief 615 0$aBankruptcy 615 4$aDebt relief. 615 4$aGovernment publications. 615 4$aConsumer education. 615 4$aAdvertising. 615 4$aBankruptcy. 676 $a336.36 676 $a011.53 676 $a640.73 676 $a659.1 676 $a346.078 712 02$aUnited States.$bFederal Trade Commission.$bOffice of Consumer and Business Education. 801 0$bN@F 801 1$bN@F 801 2$bOCLCQ 801 2$bGPO 906 $aBOOK 912 $a9910691694103321 996 $aAdvertisements promising debt relief may be offering bankruptcy$93099706 997 $aUNINA